000 00658nam a2200253 i 4500
001 C2-0181549
003 PPAK
005 20180728095347.0
008 981031s1968 enk |||| ||||| | eng d
020 _a0330247654
040 _aPPAK
_beng
_cPPAK
_erda
082 0 4 _a823
_2 23
090 0 0 _a823
_bCRA
_dKSA
090 0 0 _a823
_bCRA
_dKSI
100 1 _aCraven, Margaret,
_eauthor
245 1 0 _aI heard the owl call my name
264 1 _aLondon :
_bPan Books ,
_c1968
300 _a133 pages ;
_c19 cm
336 _2rdacontent
_atext
337 _2rdamedia
_aunmediated
338 _2rdacarrier
_avolume
650 1 0 _aEnglish fiction.
942 _ddc
_cB
999 _c155995
_d155995